[Event "Asia-ch Children-C"]
[Site "Yakutsk"]
[Date "2008.07.11"]
[Round "7"]
[White "Myslevskaya, Izabella"]
[Black "Gorozhankina, Julia"]
[Result "0-1"]
[WhiteElo "2013"]
[BlackElo "2094"]
[PlyCount "54"]
[EventDate "2008.07.05"]
[EventType "swiss"]
[EventRounds "7"]
[EventCountry "RUS"]
[SourceTitle "EXT 2022"]
[Source "ChessBase"]
[SourceDate "2021.10.06"]
[SourceVersion "1"]
[SourceVersionDate "2021.10.06"]
[SourceQuality "1"]

1. Nf3 Nf6 2. c4 g6 3. g3 Bg7 4. Bg2 d5 5. cxd5 Nxd5 6. d4 Nb6 7. e4 0-0 8. h3 c5 9. dxc5 Qxd1+ 10. Kxd1 Na4 11. Kc2 Nxc5 12. Re1 Nc6 13. a3 Be6 14. Nbd2 Rac8 15. Bf1 Na5 16. Kd1 Rfd8 17. e5 Bb3+ 18. Ke2 Nd3 19. Bg2 Nxe1 20. Kxe1 Rc2 21. Rb1 Ba2 22. Ra1 Nc4 23. Nxc4 Bxc4 24. Nd2 Ba6 25. Rb1 Bxe5 26. Be4 Rc7 27. b4 f5 0-1

[Event "Asia-ch Children-C"]
[Site "Yakutsk"]
[Date "2008.07.07"]
[Round "3"]
[White "Adamova, Tuyaara"]
[Black "Myslevskaya, Izabella"]
[Result "0-1"]
[WhiteElo "1845"]
[BlackElo "2013"]
[PlyCount "134"]
[EventDate "2008.07.05"]
[EventType "swiss"]
[EventRounds "7"]
[EventCountry "RUS"]
[SourceTitle "EXT 2022"]
[Source "ChessBase"]
[SourceDate "2021.10.06"]
[SourceVersion "1"]
[SourceVersionDate "2021.10.06"]
[SourceQuality "1"]

1. e4 c5 2. Nf3 Nc6 3. d4 cxd4 4. Nxd4 e6 5. Nb5 d6 6. c4 Nf6 7. N1c3 a6 8. Na3 Be7 9. Be2 0-0 10. 0-0 b6 11. f3 Bb7 12. Be3 Ne5 13. Qb3 Ned7 14. Rfd1 Qc7 15. Rac1 Rac8 16. Kh1 Rfd8 17. Na4 Nc5 18. Nxc5 bxc5 19. Bg1 Bc6 20. Qc3 Rb8 21. b3 Nd7 22. Nc2 a5 23. Ne3 a4 24. Rb1 axb3 25. axb3 Ra8 26. Bd3 Rdb8 27. Bc2 Rb4 28. Ng4 Ra3 29. h3 Nb6 30. Qd2 Ra8 31. Bh2 Rd8 32. Qd3 e5 33. Bg3 Nd7 34. Ne3 g6 35. Ra1 Nf8 36. Be1 Rbb8 37. Ba5 Qd7 38. Bxd8 Rxd8 39. Nd5 Ne6 40. Ra6 Bxd5 41. exd5 Nf4 42. Qf1 Bh4 43. g4 h5 44. Kh2 Kg7 45. Rda1 hxg4 46. fxg4 Rh8 47. Bd1 Bg5 48. Ra8 Bd8 49. R1a7 Qe8 50. Bf3 Rxh3+ 51. Qxh3 Nxh3 52. Kxh3 e4 53. Be2 e3 54. Rb7 Qh8+ 55. Kg2 Qh4 56. Raa7 Qf2+ 57. Kh3 Qxe2 58. Rxf7+ Kh6 59. Rad7 Kg5 60. Rxd8 Qxg4+ 61. Kh2 e2 62. Re8 Qh4+ 63. Kg2 e1Q 64. Rxe1 Qxe1 65. Rf3 Kg4 66. Rf6 g5 67. Rxd6 Qg3+ 0-1

[Event "Asia-ch Children-C"]
[Site "Yakutsk"]
[Date "2008.07.05"]
[Round "1"]
[White "Arsalanova, Maria"]
[Black "Myslevskaya, Izabella"]
[Result "0-1"]
[WhiteElo "1647"]
[BlackElo "2013"]
[PlyCount "57"]
[EventDate "2008.07.05"]
[EventType "swiss"]
[EventRounds "7"]
[EventCountry "RUS"]
[SourceTitle "EXT 2022"]
[Source "ChessBase"]
[SourceDate "2021.10.06"]
[SourceVersion "1"]
[SourceVersionDate "2021.10.06"]
[SourceQuality "1"]

1. e4 c5 2. c4 Nc6 3. Nc3 g6 4. g3 Bg7 5. Bg2 d6 6. d3 e5 7. Nge2 Nge7 8. 0-0 0-0 9. Bg5 h6 10. Be3 a6 11. Qd2 Kh7 12. f4 f5 13. h3 Nd4 14. Bxd4 cxd4 15. Nd5 fxe4 16. dxe4 Be6 17. Rac1 Rc8 18. g4 Bxd5 19. cxd5 Qb6 20. Kh1 Rxc1 21. Rxc1 d3 22. Nc3 Rxf4 23. Rf1 g5 24. b3 Qd4 25. Rxf4 exf4 26. Nd1 Ng6 27. Nf2 Ne5 28. Bf1 Nf3 29. Bg2 0-1

[Event "RUS-chT Clubs U18"]
[Site "Rybinsk"]
[Date "2007.08.10"]
[Round "9.24"]
[White "Myslevskaya, Izabella"]
[Black "Skrjabina, Margarita"]
[Result "1-0"]
[WhiteElo "2050"]
[BlackElo "1608"]
[PlyCount "71"]
[EventDate "2007.08.02"]
[EventType "team-swiss"]
[EventRounds "9"]
[EventCountry "RUS"]
[SourceTitle "EXT 2022"]
[Source "ChessBase"]
[SourceDate "2021.10.06"]
[SourceVersion "1"]
[SourceVersionDate "2021.10.06"]
[SourceQuality "1"]

1. d4 Nf6 2. c4 g6 3. Nf3 Bg7 4. e3 0-0 5. Nc3 d5 6. Bd2 Nc6 7. a3 a5 8. Rc1 Re8 9. Be2 e5 10. dxe5 Nxe5 11. Nxe5 Rxe5 12. 0-0 c6 13. cxd5 Nxd5 14. Qb3 Qb6 15. Bc4 Qxb3 16. Bxb3 Nxc3 17. Bxc3 Rb5 18. Bc4 Rb6 19. Rfd1 Bxc3 20. Rd8+ Kg7 21. bxc3 Rb2 22. a4 b5 23. axb5 cxb5 24. Bd5 Rb8 25. h3 Rd2 26. e4 a4 27. Kf1 b4 28. Ke1 Re2+ 29. Kxe2 Ba6+ 30. Ke3 Rxd8 31. cxb4 Rc8 32. Rxc8 Bxc8 33. b5 a3 34. Kd4 Bb7 35. Kc3 a2 36. Kb2 1-0

[Event "RUS-chT Clubs U18"]
[Site "Rybinsk"]
[Date "2007.08.08"]
[Round "2.24"]
[White "Myslevskaya, Izabella"]
[Black "Makhlaenko, Ekaterina"]
[Result "0-1"]
[WhiteElo "2050"]
[BlackElo "2031"]
[PlyCount "54"]
[EventDate "2007.08.02"]
[EventType "team-swiss"]
[EventRounds "9"]
[EventCountry "RUS"]
[SourceTitle "EXT 2022"]
[Source "ChessBase"]
[SourceDate "2021.10.06"]
[SourceVersion "1"]
[SourceVersionDate "2021.10.06"]
[SourceQuality "1"]

1. Nf3 Nf6 2. c4 g6 3. b3 Bg7 4. Bb2 0-0 5. g3 Nc6 6. Bg2 Rb8 7. d4 a6 8. d5 Na5 9. Nbd2 b5 10. Bc3 c6 11. e4 cxd5 12. cxd5 e6 13. dxe6 dxe6 14. Ne5 Bb7 15. 0-0 Rc8 16. Rc1 Rxc3 17. Rxc3 Qd4 18. Qc2 Qxe5 19. b4 Nc6 20. Rxc6 Bxc6 21. Qxc6 Qb2 22. Nb3 Qxa2 23. Nc5 Qc4 24. Rb1 Ng4 25. Rf1 Bd4 26. h3 Nxf2 27. Rxf2 Qc2 0-1

[Event "RUS-chT Clubs U18"]
[Site "Rybinsk"]
[Date "2007.08.03"]
[Round "2.8"]
[White "Miloserdova, Irina"]
[Black "Myslevskaya, Izabella"]
[Result "1/2-1/2"]
[WhiteElo "1988"]
[BlackElo "2050"]
[PlyCount "87"]
[EventDate "2007.08.02"]
[EventType "team-swiss"]
[EventRounds "9"]
[EventCountry "RUS"]
[SourceTitle "EXT 2022"]
[Source "ChessBase"]
[SourceDate "2021.10.06"]
[SourceVersion "1"]
[SourceVersionDate "2021.10.06"]
[SourceQuality "1"]

1. e4 c5 2. Nf3 e6 3. d4 cxd4 4. Nxd4 Nc6 5. c4 Nf6 6. Nc3 Bb4 7. f3 a6 8. Nxc6 dxc6 9. Qxd8+ Kxd8 10. e5 Nd7 11. Bf4 h6 12. 0-0-0 Bxc3 13. bxc3 Ke7 14. Be2 b5 15. Rd6 Bb7 16. Rhd1 Rhd8 17. Bg3 Nb6 18. cxb5 axb5 19. Rxd8 Rxd8 20. Rxd8 Kxd8 21. Bf2 Nd5 22. Kc2 Kd7 23. c4 Nf4 24. Bf1 bxc4 25. g3 Ng6 26. f4 Ba6 27. Kc3 f6 28. exf6 gxf6 29. Bxc4 Bb5 30. Kb4 Bxc4 31. Kxc4 h5 32. a4 e5 33. fxe5 Nxe5+ 34. Kc3 f5 35. a5 Kc7 36. a6 Ng6 37. Kc4 Ne5+ 38. Kc3 Ng6 39. Bd4 h4 40. Kd2 hxg3 41. hxg3 f4 42. g4 c5 43. Bxc5 Ne5 44. g5 1/2-1/2

[Event "Berdsk Maestro op 13th"]
[Site "Berdsk"]
[Date "2007.07.16"]
[Round "9"]
[White "Baboyan, Eduard"]
[Black "Myslevskaya, Izabella"]
[Result "0-1"]
[WhiteElo "1957"]
[BlackElo "2050"]
[PlyCount "140"]
[EventDate "2007.07.08"]
[EventType "swiss"]
[EventRounds "9"]
[EventCountry "RUS"]
[SourceTitle "EXT 2022"]
[Source "ChessBase"]
[SourceDate "2021.10.06"]
[SourceVersion "1"]
[SourceVersionDate "2021.10.06"]
[SourceQuality "1"]

1. d4 Nf6 2. Nf3 e6 3. g3 b6 4. Bg2 Bb7 5. 0-0 Be7 6. c4 0-0 7. b3 d6 8. Bb2 c5 9. Nbd2 cxd4 10. Nxd4 Qc8 11. e4 Nbd7 12. Qe2 a6 13. Rac1 Qc7 14. Rfd1 Rac8 15. Ba3 Rfd8 16. f4 Bf8 17. Bf3 Qb8 18. Bb2 Qa8 19. Qg2 Nc5 20. e5 Bxf3 21. N2xf3 dxe5 22. Nxe5 Nce4 23. Nd3 h6 24. g4 Nc5 25. Qxa8 Rxa8 26. h3 Nxd3 27. Rxd3 Ne4 28. Kg2 g5 29. Rcd1 Bg7 30. fxg5 hxg5 31. Ba3 Nc5 32. R3d2 Ne4 33. Rd3 Nc5 34. R3d2 Ne4 35. Rd3 Nc5 36. Bxc5 bxc5 37. Nc6 Rxd3 38. Rxd3 Bf6 39. Rd7 Kf8 40. Rb7 Ke8 41. b4 cxb4 42. Nxb4 a5 43. Nc6 a4 44. Rc7 a3 45. Kf3 Ra4 46. Na7 Be5 47. Rb7 Rxc4 48. Nb5 Bf4 49. Ra7 Rc5 50. Nxa3 Rc3+ 51. Ke4 Re3+ 52. Kd4 Rxh3 53. Kc4 Rg3 54. Nb5 Rxg4 55. Ra8+ Ke7 56. a4 Be3+ 57. Kd3 Bc5 58. a5 Ra4 59. a6 g4 60. a7 e5 61. Rb8 Bxa7 62. Rb7+ Ke6 63. Nxa7 f5 64. Nc6 Kf6 65. Nb8 f4 66. Ke2 Ra2+ 67. Kf1 f3 68. Nd7+ Kf5 69. Rb3 Kf4 70. Nf6 Ra1+ 0-1